[Event "Chigorin Memorial 18th"]
[Site "St Petersburg"]
[Date "2010.10.28"]
[Round "1"]
[White "Salov, Vitaly V"]
[Black "Bove, Alessandro"]
[Result "0-1"]
[WhiteElo "1983"]
[BlackElo "2397"]
[PlyCount "112"]
[EventDate "2010.10.28"]
[EventType "swiss"]
[EventRounds "9"]
[EventCountry "RUS"]
[SourceTitle "EXT 2011"]
[Source "ChessBase"]
[SourceDate "2010.11.26"]
[SourceVersion "1"]
[SourceVersionDate "2010.11.26"]
[SourceQuality "1"]

1. d4 Nf6 2. Bg5 e6 3. e4 h6 4. Bxf6 Qxf6 5. Nf3 Nc6 6. c3 d6 7. Nbd2 Be7 8. Bd3 e5 9. d5 Nb8 10. 0-0 0-0 11. Nc4 Qg6 12. Ne3 Bg5 13. Nf5 Bd8 14. Kh1 Qh7 15. g4 g6 16. Ne3 Bg5 17. Rg1 Nd7 18. Ng2 Nf6 19. h3 Bd7 20. Qc2 Rae8 21. b4 c6 22. dxc6 Bxc6 23. c4 b6 24. Qe2 Bf4 25. Rad1 Rd8 26. Bc2 Rfe8 27. a3 Qg7 28. Ngh4 Nh7 29. Bb1 Qf6 30. Ng2 Kg7 31. Ne3 Bxe3 32. Qxe3 Qe6 33. Ba2 Nf6 34. Nd2 h5 35. f3 hxg4 36. hxg4 Rh8+ 37. Kg2 Nxg4 38. fxg4 Qxg4+ 39. Kf2 Rh2+ 40. Ke1 Re2+ 41. Qxe2 Qxg1+ 42. Nf1 Qh1 43. Bb1 f5 44. c5 Bxe4 45. Bxe4 Qh4+ 46. Qf2 Qxe4+ 47. Qe3 Qh4+ 48. Ke2 bxc5 49. bxc5 Qc4+ 50. Ke1 f4 51. Qd3 Qxc5 52. Rb1 Rc8 53. Rb7+ Kf6 54. Qa6 Qd5 55. Rf7+ Kxf7 56. Qxc8 Qe4+ 0-1

[Event "Chigorin Memorial 17th"]
[Site "St Petersburg"]
[Date "2009.10.19"]
[Round "4"]
[White "Tzouvelekis, Ioannis"]
[Black "Salov, Vitaly V"]
[Result "0-1"]
[WhiteElo "1926"]
[BlackElo "2130"]
[PlyCount "102"]
[EventDate "2009.10.16"]
[EventType "swiss"]
[EventRounds "9"]
[EventCountry "RUS"]
[SourceTitle "CBM 132 Extra"]
[Source "ChessBase"]
[SourceDate "2009.11.03"]
[SourceVersion "1"]
[SourceVersionDate "2009.11.03"]
[SourceQuality "1"]

1. e4 e5 2. Nf3 Qe7 3. Bc4 d6 4. 0-0 Bg4 5. Nc3 c6 6. Be2 Nd7 7. d4 Ngf6 8. Be3 g6 9. h3 Bxf3 10. Bxf3 Bg7 11. Qd2 0-0 12. Rad1 Rfe8 13. Rfe1 Nb6 14. dxe5 dxe5 15. Bxb6 axb6 16. Qd6 Bf8 17. Qxe7 Bxe7 18. a3 b5 19. Na2 h5 20. h4 Kf8 21. g3 Bxa3 22. bxa3 Rxa3 23. Nb4 Rxf3 24. Nd3 Ng4 25. Kg2 Rf6 26. f3 Nh6 27. Nc5 Kg7 28. Nxb7 Ra8 29. Rd7 Ra2 30. Re2 b4 31. Nc5 Ra5 32. Nb7 Ra3 33. Rf2 Rc3 34. Nd6 Re6 35. Rd2 b3 36. cxb3 Rxb3 37. Rc2 Rb6 38. Nc8 Ra6 39. Nd6 Kf8 40. Rb2 c5 41. Rb8+ Kg7 42. Ne8+ Kh7 43. Kf2 Ra2+ 44. Ke3 c4 45. Nd6 Ra3+ 46. Ke2 Rf6 47. Nxc4 Raxf3 48. Nxe5 Rxg3 49. Re7 Rf4 50. Nd7 Ng4 51. Nf8+ Kh6 0-1

[Event "St Petersburg Chigorin CC-ch"]
[Site "St Petersburg"]
[Date "2009.05.22"]
[Round "4"]
[White "Zanan, Evgeny"]
[Black "Salov, Vitaly V"]
[Result "1-0"]
[WhiteElo "1990"]
[BlackElo "2166"]
[PlyCount "95"]
[EventDate "2009.05.19"]
[EventType "swiss"]
[EventRounds "9"]
[EventCountry "RUS"]
[SourceTitle "CBM 130 Extra"]
[Source "ChessBase"]
[SourceDate "2009.07.02"]
[SourceVersion "2"]
[SourceVersionDate "2009.07.15"]
[SourceQuality "1"]

1. e4 e5 2. Nf3 Nf6 3. Nxe5 d6 4. Nf3 Nxe4 5. d4 d5 6. Bd3 Nc6 7. 0-0 Bf5 8. c4 Be7 9. Nc3 Nxc3 10. bxc3 Bxd3 11. Qxd3 dxc4 12. Qxc4 0-0 13. Rb1 Rb8 14. Bf4 Bd6 15. Bg3 Bxg3 16. hxg3 Qd6 17. Rfe1 b6 18. Ng5 Rbd8 19. Rb5 a6 20. Nxf7 Rxf7 21. Rf5 Qd7 22. Rxf7 Qxf7 23. Qxc6 Rf8 24. Re2 a5 25. d5 h6 26. c4 Rd8 27. Re3 Qd7 28. Qg6 Qf7 29. Qe4 b5 30. Qh4 Re8 31. Rxe8+ Qxe8 32. Qf4 Qe2 33. cxb5 Qd1+ 34. Kh2 Qxd5 35. a4 Qh5+ 36. Qh4 Qxh4+ 37. gxh4 Kf7 38. g4 Ke6 39. f4 Kd5 40. Kg3 Ke4 41. h5 Ke3 42. g5 Ke4 43. Kg4 hxg5 44. fxg5 Ke5 45. h6 gxh6 46. gxh6 Kf6 47. Kh5 Kf7 48. Kg5 1-0

[Event "St Petersburg Chigorin CC-ch"]
[Site "St Petersburg"]
[Date "2009.05.21"]
[Round "3"]
[White "Salov, Vitaly V"]
[Black "Dodonov, Vladimir"]
[Result "1-0"]
[WhiteElo "2166"]
[BlackElo "1959"]
[PlyCount "58"]
[EventDate "2009.05.19"]
[EventType "swiss"]
[EventRounds "9"]
[EventCountry "RUS"]
[SourceTitle "CBM 130 Extra"]
[Source "ChessBase"]
[SourceDate "2009.07.02"]
[SourceVersion "2"]
[SourceVersionDate "2009.07.15"]
[SourceQuality "1"]

1. d4 Nf6 2. c4 g6 3. Nc3 d5 4. Qb3 dxc4 5. Qxc4 Bg7 6. Bf4 Na6 7. Rd1 0-0 8. Nf3 Bf5 9. Nh4 Bc2 10. Rd2 Be4 11. d5 Bf5 12. e4 Bc8 13. Be2 Nd7 14. Nf3 Nb6 15. Qd3 Bd7 16. 0-0 Nc5 17. Qe3 Nba4 18. Be5 Nxc3 19. bxc3 b6 20. Bd4 Nb7 21. Bxg7 Kxg7 22. e5 Nc5 23. e6 fxe6 24. dxe6 Nxe6 25. Ne5 Nc5 26. Rfd1 Ba4 27. Rxd8 Raxd8 28. Rd4 Rd6 29. Rh4 h5 1-0

[Event "St Petersburg Nov op"]
[Site "St Petersburg"]
[Date "2008.11.09"]
[Round "9"]
[White "Salov, Vitaly V"]
[Black "Pimenov, Revolt"]
[Result "0-1"]
[WhiteElo "2250"]
[BlackElo "2189"]
[PlyCount "110"]
[EventDate "2008.11.01"]
[EventType "swiss"]
[EventRounds "9"]
[EventCountry "RUS"]
[SourceTitle "EXT 2010"]
[Source "ChessBase"]
[SourceDate "2010.11.25"]
[SourceVersion "1"]
[SourceVersionDate "2010.11.25"]
[SourceQuality "1"]

1. d4 e6 2. Nf3 c5 3. c3 Nf6 4. Bf4 Nc6 5. e3 Nh5 6. Bg3 Nxg3 7. hxg3 Be7 8. Bd3 Bf6 9. Nbd2 d5 10. Qe2 Qe7 11. Kf1 g6 12. dxc5 Qxc5 13. e4 0-0 14. e5 Bg7 15. Nb3 Qe7 16. Nbd4 Bd7 17. Nxc6 bxc6 18. Rd1 Rab8 19. Rd2 f6 20. Rh4 Rb7 21. a3 c5 22. Kg1 Rfb8 23. b4 Rc7 24. bxc5 Rxc5 25. c4 Bc6 26. Qe3 f5 27. cxd5 Bxd5 28. Rb4 Rxb4 29. axb4 Rc1+ 30. Kh2 Qxb4 31. Bxf5 Rc8 32. Rxd5 gxf5 33. Rd7 Qg4 34. Ng5 Bh6 35. f4 Bxg5 36. fxg5 a5 37. Qb3 Re8 38. Qb7 Qh5+ 39. Kg1 Qxg5 40. Rxh7 Qg6 41. Qd7 a4 42. Rg7+ Qxg7 43. Qxe8+ Kh7 44. Qxe6 a3 45. Qxf5+ Qg6 46. Qd7+ Kh6 47. Qd2+ Kg7 48. Qd7+ Kh6 49. Qd2+ Kh5 50. Qe2+ Qg4 51. Qa2 Qxg3 52. e6 Qe3+ 53. Kf1 Kg6 54. Qc4 Kf6 55. Qa2 Qc1+ 0-1

[Event "St Petersburg Nov op"]
[Site "St Petersburg"]
[Date "2008.11.07"]
[Round "7"]
[White "Salov, Vitaly V"]
[Black "Gorjunov, Sergey1"]
[Result "1-0"]
[WhiteElo "2250"]
[BlackElo "2214"]
[PlyCount "145"]
[EventDate "2008.11.01"]
[EventType "swiss"]
[EventRounds "9"]
[EventCountry "RUS"]
[SourceTitle "EXT 2010"]
[Source "ChessBase"]
[SourceDate "2010.11.25"]
[SourceVersion "1"]
[SourceVersionDate "2010.11.25"]
[SourceQuality "1"]

1. d4 e6 2. Nf3 c5 3. c3 d5 4. Bf4 Nc6 5. e3 Nge7 6. Nbd2 Ng6 7. Bb5 Nxf4 8. exf4 f6 9. 0-0 Qc7 10. f5 exf5 11. Re1+ Be7 12. Qe2 Kf7 13. c4 a6 14. Ba4 dxc4 15. Qxc4+ Kf8 16. Bb3 Nd8 17. Qe2 b6 18. dxc5 bxc5 19. Rad1 Ra7 20. Nf1 f4 21. N1d2 g6 22. Ne4 Kg7 23. Nc3 Bd6 24. Qd3 Be5 25. Nd5 Qb8 26. Nxe5 fxe5 27. Qc3 Re8 28. Nxf4 Qb4 29. Qxb4 cxb4 30. Nd3 a5 31. Rxe5 Rf8 32. Nc5 Nc6 33. Re3 Rc7 34. f3 Nd8 35. Ne4 Nb7 36. Nd6 Nxd6 37. Rxd6 Rf5 38. g4 Rfc5 39. h4 Rc1+ 40. Kg2 Bb7 41. g5 a4 42. Bxa4 Rb1 43. Rd2 Ba6 44. Bb3 Rbc1 45. Re8 Bc4 46. Bxc4 R1xc4 47. Re4 Rc2 48. Red4 Kf7 49. Kf2 Ke6 50. Ke2 R7c4 51. Rxc4 Rxc4 52. Ke3 Rxh4 53. f4 Rh3+ 54. Ke4 Rh1 55. Rd4 Re1+ 56. Kf3 Rf1+ 57. Ke2 Ra1 58. Rxb4 Rxa2 59. Kd3 Kf5 60. Kc3 Ra1 61. Rd4 Rc1+ 62. Kd2 Rf1 63. b4 Rf3 64. Kc2 Ke6 65. b5 Rf2+ 66. Kc3 Rf1 67. b6 Rb1 68. Rb4 Rc1+ 69. Kd4 Rc8 70. b7 Rb8 71. Kc5 Kd7 72. Kb6 Rf8 73. Ka7 1-0

[Event "St Petersburg Nov op"]
[Site "St Petersburg"]
[Date "2008.11.01"]
[Round "1"]
[White "Salov, Vitaly V"]
[Black "Krylov, Andrei"]
[Result "1/2-1/2"]
[WhiteElo "2250"]
[BlackElo "2105"]
[PlyCount "91"]
[EventDate "2008.11.01"]
[EventType "swiss"]
[EventRounds "9"]
[EventCountry "RUS"]
[SourceTitle "EXT 2010"]
[Source "ChessBase"]
[SourceDate "2010.11.25"]
[SourceVersion "1"]
[SourceVersionDate "2010.11.25"]
[SourceQuality "1"]

1. d4 Nf6 2. c4 g6 3. Nc3 d5 4. Qb3 dxc4 5. Qxc4 Bg7 6. Nf3 0-0 7. e4 c6 8. Be2 Na6 9. 0-0 Bg4 10. h3 Be6 11. Qa4 Nc7 12. Rd1 b5 13. Qc2 Rc8 14. b4 a5 15. a3 Na6 16. Rb1 a4 17. Qd2 Bb3 18. Re1 Nd7 19. Bb2 Nb6 20. Nd1 Nc4 21. Bxc4 Bxc4 22. Ne3 Bb3 23. Rbc1 Qd6 24. e5 Qd7 25. Qc3 f5 26. Nd2 f4 27. Ng4 Be6 28. f3 Nc7 29. Ne4 Bc4 30. Nd2 Bd5 31. Nf2 Na8 32. Nfe4 Qe6 33. Nc5 Qf5 34. Re2 Nb6 35. Rce1 Bc4 36. Rf2 Nd5 37. Qc1 Ne3 38. Nxc4 Nxc4 39. Qc3 Rfd8 40. Re4 Nb6 41. Bc1 Nd5 42. Qb2 g5 43. Qa2 Kh8 44. Qc2 Qg6 45. Bd2 h5 46. Qd3 1/2-1/2